000 01323cam a22003131i 4500
003 SA-RiAUC
005 20250706061424.0
008 250705s2015 sy g b 000 0 ara c
020 _a9786030172214
040 _aSA-MaAOL
_bara
_cSA-RiAUC
_erda
082 0 4 _a257.1
_qSA-RiAUC
090 _a257.1
_b ر م ض
100 1 _aرمضاني، عبد المالك بن أحمد بن مبارك
_eمؤلف.
245 1 0 _aعجالة المتوثب للخروج على الحاكم المتغلب /
_cتأليف عبد المالك بن أحمد رمضاني.
250 _aالطبعة الأولى.
264 1 _aحمص، سوريا :
_aالمدينة المنورة :
_bمكتبة دار البرازي ؛
_bدار الإمام مسلم،
_c2015
300 _a80 صفحة ؛
_c24 سم
336 _aنص
_btxt
_2rdacontent
_3كتاب
337 _aبدون وسيط
_bn
_2rdamedia
338 _aمجلد
_bnc
_2rdacarrier
500 _aيشتمل على ملاحق.
504 _aيشتمل على ببليوجرافية.
650 7 _aالخلافة
_2aucsh
650 7 _aالإمامة (فقه إسلامي)
_2aucsh
650 7 _aنظم الحكم في الإسلام
_2aucsh
650 7 _aالنظام السياسي في الإسلام
_2aucsh
942 _2ddc
_cBOOK
_n0
949 _aSA-JeALM
_d250705
_umohamedma123
_n1
999 _c9520
_d9520